| 000 | 00391 a2200157 4500 | ||
|---|---|---|---|
| 001 | 154317 | ||
| 040 | _cEscola São Tomás de Aquino | ||
| 100 | _aMARX, Karl | ||
| 240 | 1 | 0 |
_aManuscritos Econômico- Filosófisos. _lpor |
| 245 | 1 | 0 | _aManuscritos Econômico- Filosófisos. |
| 300 | _a272 | ||
| 362 | 0 | _a1991 | |
| 440 | 1 | _aNova cultural | |
| 697 | _aFILOSOFIA E PSICOLOGIA | ||
| 942 | _cBK | ||
| 999 |
_c154317 _d154317 |
||